Food outlook / (Record no. 15002)

000 -LEADER
fixed length control field 00652cas a2200265 a 4500
040 ## - CATALOGING SOURCE
Transcribing agency DLC
082 00 - DEWEY DECIMAL CLASSIFICATION NUMBER
Classification number 338 THE 2014 A068 Or.
245 10 - TITLE STATEMENT
Title Food outlook /
260 ## - PUBLICATION, DISTRIBUTION, ETC. (IMPRINT)
Place of publication [Mogadishu?] :
Name of publisher The Department
300 ## - PHYSICAL DESCRIPTION
Number of Pages volumes :
Other physical details maps ;
Dimensions 28-30 cm
650 #0 - SUBJECT ADDED ENTRY--TOPICAL TERM
Topical Term Food crops
650 #0 - SUBJECT ADDED ENTRY--TOPICAL TERM
Topical Term Food crops
650 #0 - SUBJECT ADDED ENTRY--TOPICAL TERM
Topical Term Food supply
650 #0 - SUBJECT ADDED ENTRY--TOPICAL TERM
Topical Term Food industry and trade
650 #0 - SUBJECT ADDED ENTRY--TOPICAL TERM
Topical Term Food prices
650 #0 - SUBJECT ADDED ENTRY--TOPICAL TERM
Topical Term Rain and rainfall
650 #7 - SUBJECT ADDED ENTRY--TOPICAL TERM
Topical Term Food crops.
650 #7 - SUBJECT ADDED ENTRY--TOPICAL TERM
Topical Term Food crops
650 #7 - SUBJECT ADDED ENTRY--TOPICAL TERM
Topical Term Food industry and trade.
650 #7 - SUBJECT ADDED ENTRY--TOPICAL TERM
Topical Term Food prices.
650 #7 - SUBJECT ADDED ENTRY--TOPICAL TERM
Topical Term Food supply.
650 #7 - SUBJECT ADDED ENTRY--TOPICAL TERM
Topical Term Rain and rainfall.
710 1# - ADDED ENTRY--CORPORATE NAME
Corporate name or jurisdiction name as entry element Somalia.
942 ## - ADDED ENTRY ELEMENTS (KOHA)
Koha item type សៀវភៅភាសាអង់គ្លេស
952 ## - LOCATION AND ITEM INFORMATION (KOHA)
Withdrawn status [LOCAL, KOHA] 0
Holdings
Permanent Location Date acquired Koha item type Lost status Shelving location Barcode Current Location Full call number
Library Block A2017-11-01សៀវភៅភាសាអង់គ្លេស A068A27155Library Block A338 THE 2014 A068 Or.
មជ្ឈមណ្ឌលឯការនៃសាកលវិទ្យាល័យភូមិន្ទកសិកម្មចំការដូង

Powered by Koha